000 00308 a2200133 4500
000 nam a22 7a 4500
100 _aP, K Nayak
110 _aP, K Nayak
245 _aQuality Management System
250 _alatest edition
260 _bShree Niwas
_c2026
264 _bShree Niwas
_c2026
942 _cBK
999 _c397005
_d397005